Loading...
| Fine Arts - Auditory Fine Arts | 2 | 10.00 | 100% | 0% | 0% |
| Fine Arts - Other Fine Arts | 1 | 20.00 | 100% | 100% | 0% |
| Geography | 1 | 0.00 | 0% | 0% | 0% |
| History - American History | 3 | 13.33 | 100% | 33% | 0% |
| History - European History | 1 | 10.00 | 100% | 0% | 0% |
| History - Other History | 3 | 6.67 | 67% | 0% | 0% |
| History - World History | 4 | 7.50 | 75% | 0% | 0% |
| Literature - American Literature | 1 | 0.00 | 0% | 0% | 0% |
| Literature - British Literature | 1 | 0.00 | 0% | 0% | 0% |
| Literature - European Literature | 1 | 10.00 | 100% | 0% | 0% |
| Literature - World Literature | 2 | 10.00 | 100% | 0% | 0% |
| Mythology | 2 | 0.00 | 0% | 0% | 0% |
| Other Academic | 1 | 10.00 | 100% | 0% | 0% |
| Philosophy | 4 | 5.00 | 50% | 0% | 0% |
| Religion | 2 | 15.00 | 100% | 50% | 0% |
| Science - Chemistry | 3 | 10.00 | 67% | 33% | 0% |
| Science - Other Science | 2 | 10.00 | 100% | 0% | 0% |
| Science - Physics | 1 | 0.00 | 0% | 0% | 0% |
| Social Science | 2 | 15.00 | 100% | 50% | 0% |